000 00644nam a2200229Ia 4500
003 OSt
005 20220928115705.0
006 a|||||r|||| 00| 0
007 ta
008 220927b |||||||| |||| 00| 0 eng d
024 _a46004
037 _cTextual
040 _aSDCL
_cSDCL
_beng
041 _2eng
_aeng
082 _aV3y7M87, L7
100 _aSpears Edward
_9445558
245 0 _aFulfilment of a mission
_b The Spears mission to Syria and Lebanon,1941-1944
260 _aLondon
_bLeo Cooper
_c1977
300 _axi,311p
_ccm.
942 _hV3y7M87, L7
_cTEXL
_2CC
999 _c760483
_d760483